Meranie akustického smogu a dopad hluku na zdravie

Gespeichert in:
Bibliographische Detailangaben
1. Verfasser: Szabo, Michal (Verfasst von)
Weitere Verfasser: Michalík, Martin (Betreuung Doktorarbeit)
Format: Manuskript Buch
Sprache:Slowakisch
Veröffentlicht: 2022
Schlagworte:
Online-Zugang:http://is.stuba.sk/zp/portal_zp.pl?podrobnosti=171545
Tags: Tag hinzufügen
Keine Tags, Fügen Sie das erste Tag hinzu!

MARC

LEADER 00000ntm a22000003a 4500
001 stuzp91248
003 SK-STU
005 20220625211948.4
007 ta
008 150427s2015----xo-----f-mn---000-0-slo-d
040 |a STU  |b slo 
041 0 |a slo 
100 1 |a Szabo, Michal  |u 045280  |4 aut  |U FCHPT Ústav fyzikálnej chémie a chemickej fyziky  |T FCHPT Oddelenie chemickej fyziky  |X 86752  |U C5280  |Y 118  |7 86752 
242 0 1 |a Acoustic smog measurements and effects of noise on health  |y eng 
245 1 0 |a Meranie akustického smogu a dopad hluku na zdravie 
260 |c 2022 
650 4 |a akustika  |2 slo 
650 4 |a hluk  |2 slo 
650 4 |a frekvenčné spektrum  |2 slo 
650 4 |a hlukomer  |2 slo 
650 4 |a acoustics  |2 eng 
650 4 |a noise  |2 eng 
650 4 |a sound and level meter  |2 eng 
650 4 |a frequency spektra  |2 eng 
700 1 |a Michalík, Martin  |u 045280  |k Z1  |4 ths  |U FCHPT Ústav fyzikálnej chémie a chemickej fyziky  |T FCHPT Oddelenie chemickej fyziky  |X 43550  |U C5280  |Y 118  |7 43550 
856 4 |u http://is.stuba.sk/zp/portal_zp.pl?podrobnosti=171545